| 000 | 01387cab a22002295a 4500 | ||
|---|---|---|---|
| 001 | L139295 | ||
| 008 | 110516e20070723xxk f f000 0 eng d | ||
| 035 | _a(Sirsi) u139295 | ||
| 041 | 0 | _aeng | |
| 050 | 0 | 4 | _a306.1 $2 18 |
| 110 | 1 |
_aUnited Kingdom _bDepartment for Communities and Local Government _94939 |
|
| 245 | 0 | 0 |
_aEco-towns prospectus _h[electronic resource] |
| 260 |
_aLondon _bDCLG _c2007 |
||
| 520 | _aPublished in support of the Housing Green Paper 2007 (L139252). Describes the key features of eco-towns, which will be new developments of at least 5 to 20 000 homes. They are to have a unique identity and good links to surrounding towns to support employment, transport and services. Each town is to be zero-carbon and will excel in at least one area of such technology. Key infrastructure is to exist within the towns. 30 to 50 percent of housing will be classed as affordable. A delivery organisation will manage each town. The report sets out how the government will encourage and support these schemes. | ||
| 590 | _aKA | ||
| 650 | 2 | 4 | _aHOUSING GREEN PAPER 2007 |
| 650 | 2 | 4 |
_aAffordable housing _96215 |
| 651 | 4 |
_aUnited Kingdom _y |
|
| 690 | _aPROPERTY-RESIDENTIAL PROPERTY-RESIDENTIAL PROPERTY DEVELOPMENT | ||
| 856 | 4 | 0 |
_uhttps://www.communities.gov.uk/documents/housing/pdf/ecotowns.pdf _zView the article free of charge at www.communities.gov.uk |
| 942 | _n0 | ||
| 999 |
_c107288 _d107288 |
||